Najgęściej zaludnione miasta w Polsce - Statystyki

Ogólne statystyki
  • Ten quiz został rozwiązany 191 razy
  • Średni wynik to 3 z 10
Statystyki odpowiedzi
Województwo Gęstość Miasto % Poprawnych
mazowieckie 3421 os./km2 Warszawa
98%
mazowieckie 3206 os./km2 Pruszków
48%
mazowieckie 4001 os./km2 Legionowo
37%
śląskie 3269 os./km2 Chorzów
34%
mazowieckie 3300 os./km2 Ząbki
24%
wielkopolskie 3724 os./km2 Swarzędz
19%
mazowieckie 3086 os./km2 Mińsk Mazowiecki
17%
śląskie 3770 os./km2 Świętochłowice
17%
mazowieckie 3943 os./km2 Piastów
13%
wielkopolskie 3023 os./km2 Nowe Skalmierzyce
3%
Nie znaleziono quizów pasujących do podanych kryteriów
Rozkład punktacji
Procent ludzi z każdym wynikiem
Percentyl według liczby udzielonych odpowiedzi
Twoja historia wyników
Nie rozwiązałeś tego quizu